[Event "48th TCh-SCG"]
[Site "Herceg Novi SCG"]
[Date "2005.05.19"]
[Round "5"]
[White "Ostojic,N"]
[Black "Savicevic,V"]
[Result "1/2-1/2"]
[WhiteElo "2437"]
[BlackElo "2346"]

1.d4 d5 2.c4 e6 3.Nc3 Be7 4.Nf3 Nf6 5.Bf4 O-O 6.e3 c5 7.dxc5 Bxc5 8.cxd5 Nxd5
9.Nxd5 exd5 10.a3 Nc6 11.Bd3 Bb6 12.b4 a6 13.O-O d4  1/2-1/2

[Event "48th TCh-SCG"]
[Site "Herceg Novi SCG"]
[Date "2005.05.20"]
[Round "6"]
[White "Savic,Miom"]
[Black "Vucinic,P"]
[Result "0-1"]
[WhiteElo "2269"]
[BlackElo "2300"]

1.d4 Nf6 2.c4 e6 3.Nf3 d5 4.Nc3 Be7 5.Bf4 O-O 6.e3 c6 7.Bd3 b6 8.cxd5 exd5
9.Ne5 Bb7 10.Rc1 c5 11.O-O Nc6 12.dxc5 bxc5 13.Nxc6 Bxc6 14.Bg5 Qd7 15.Qe2 Rab8
16.Rfd1 Qe6 17.b3 Rb4 18.h3 h6 19.Bf4 c4 20.Bc2 Rc8 21.Bg3 Bb7 22.Qd2 Rb6
23.Na4 Rbc6 24.b4 c3 25.Qe2 Bxb4 26.Qb5 Bd6 27.Bxd6 Ba6 28.Qa5 Qxd6 29.Bf5 Qc7
30.Qxc7 R8xc7 31.Rd4 g6 32.Bc2 Bc4 33.Ra1 Ra6 34.Nxc3 Ra3 35.Na4 Rxa2 36.Rxa2 Bxa2
37.Bd3 Rc1+ 38.Kh2 Bc4 39.Bxc4 Rxc4 40.f3 Kf8 41.Nb2 Rxd4 42.exd4 Ke7 43.Kg3 Kd6
44.Kf4 Kc6 45.Nd3 Nd7 46.Nb4+ Kd6 47.Na6 Nb6 48.h4 Nd7 49.h5 Nf8 50.hxg6 fxg6
51.Ke3 Ne6 52.f4 Nc7 53.Nc5 Ne6 54.Na6 h5 55.g3 Ng7 56.Kf3 Nf5 57.g4 Nxd4+
58.Kg3 hxg4 59.Kxg4 Nc6 60.f5 gxf5+  0-1

[Event "Chigorin CC"]
[Site "St Petersburg RUS"]
[Date "2005.05.20"]
[Round "5"]
[White "Novikov,MiV"]
[Black "Vunder,Y"]
[Result "1/2-1/2"]
[WhiteElo "2370"]
[BlackElo "2237"]

1.d4 d5 2.c4 e6 3.Nf3 Nf6 4.Nc3 Be7 5.Bf4 O-O 6.e3 Nbd7 7.c5 Nh5 8.Bd3 Nxf4
9.exf4 b6 10.b4 a5 11.a3 c6 12.O-O Ba6 13.Bxa6 Rxa6 14.Qc2  1/2-1/2

[Event "HB Global CC"]
[Site "Minneapolis USA"]
[Date "2005.05.22"]
[Round "9"]
[White "Gurevich,D"]
[Black "Moe,W"]
[Result "1/2-1/2"]
[WhiteElo "2515"]
[BlackElo "2373"]

1.d4 d5 2.c4 e6 3.Nf3 Nf6 4.Nc3 Be7 5.Bf4 O-O 6.e3 c6 7.h3 b6 8.a3 Bb7 9.cxd5 Nxd5
10.Bh2 c5 11.Bd3 cxd4 12.exd4 Nxc3 13.bxc3 Nd7 14.O-O Nf6 15.Ne5 Rc8 16.Qc2 Qd5
17.f3 Qa5 18.Nc4 Qd5 19.Ne5 Rfd8 20.Rfd1 Qa5 21.Nc4 Qg5 22.Kh1 g6 23.a4 Nd5
24.Qb2 Nf4 25.Ne5 f6 26.Ng4 h5 27.Bxf4 Qxf4 28.Nh2 Bd6 29.Nf1 f5 30.a5 Bc7
31.Bc4 Qd6 32.Qe2 Re8 33.Re1 Kf7 34.Rab1 Bd5 35.Ba6 Rcd8 36.axb6 axb6 37.Bb5 Re7
38.Bc4 Ra8 39.Kg1 Ra3 40.Bxd5 Qxd5 41.Qd2 Qc4 42.Rbc1 b5 43.Ne3 Qc6 44.Qb2 Qd6
45.Kf1 Qa6 46.Re2 Bf4 47.Qb4 Rc7 48.d5 e5 49.d6 Rd7 50.Rd1 Ra1 51.Rxa1 Qxa1+
52.Re1  1/2-1/2

[Event "GM"]
[Site "Frascati ITA"]
[Date "2005.05.23"]
[Round "3"]
[White "Khenkin,I"]
[Black "Miladinovic,I"]
[Result "1/2-1/2"]
[WhiteElo "2610"]
[BlackElo "2604"]

1.d4 Nf6 2.Nf3 d5 3.c4 e6 4.Nc3 Be7 5.Bf4 O-O 6.e3 c5 7.dxc5 Bxc5 8.Qc2 Nc6
9.a3 h6 10.Rd1 Bd6 11.Bxd6 Qxd6 12.Be2 Rd8 13.O-O Qe7 14.cxd5 exd5 15.Nd4 Ne5
16.Qb3 Be6 17.Rc1 Rac8 18.Rfd1 a6 19.Qb4 Qxb4 20.axb4 Nc4 21.b3 Nd6 22.Na4 Rxc1
23.Rxc1 Rc8  1/2-1/2

[Event "14th CRO-Cup"]
[Site "Sibenik CRO"]
[Date "2005.05.30"]
[Round "1"]
[White "Rezan,S"]
[Black "Medic,Mir"]
[Result "1/2-1/2"]
[WhiteElo "2424"]
[BlackElo "2247"]

1.d4 d5 2.c4 e6 3.Nf3 Nf6 4.Nc3 Be7 5.Bf4 c6 6.e3 O-O 7.c5 Nbd7 8.Bd3 Re8
9.b4 Nf8 10.O-O N6d7 11.b5 Bf6 12.bxc6 bxc6 13.Qa4 Nxc5 14.Qxc6 Nxd3 15.Qxa8 Nxf4
16.exf4 Qc7 17.Nb5 Qd7 18.a4 Ba6 19.Qxa7 Qxa7 20.Nxa7 Bxf1 21.Kxf1 Ra8 22.Nc6 Rc8
23.Nce5 Bd8 24.a5 f6 25.Nd3 Ra8 26.a6 Kf7 27.Nb4 Ng6 28.g3 Ne7 29.Ke2 Bb6
30.Kd3 Ke8 31.Nd2 Kd7 32.Nb3 Kd6 33.Rc1 Rb8 34.Ra1 Nc8 35.Na2 Na7 36.Nc3 Nc6
37.Nb5+ Ke7 38.Kd2 Ra8 39.a7 Nxa7 40.Ra6 Nxb5 41.Rxa8 Nxd4 42.Nxd4 Bxd4 43.Ke2 Kf7
44.Rd8 f5 45.h3 h5 46.Rh8 g6 47.Rb8 Bc5 48.Rb7+ Kf6 49.Rd7 Bb4 50.f3 Bc3
51.Rh7 Bb4 52.g4 fxg4 53.fxg4 hxg4 54.hxg4 e5 55.fxe5+ Kxe5 56.Rf7 Ba3 57.Kf3 Bc1
58.Rc7 Bd2 59.Rc2 Bb4 60.Rb2 Ba3 61.Re2+ Kf6 62.Rd2 Ke5 63.g5 Bc1 64.Rc2 Bxg5
65.Rc6  1/2-1/2

[Event "TCh-ARG Magistral AFA"]
[Site "Buenos Aires ARG"]
[Date "2005.06.02"]
[Round "4"]
[White "Slipak,S"]
[Black "Bronstein,L"]
[Result "1/2-1/2"]
[WhiteElo "2489"]
[BlackElo "2362"]

1.d4 Nf6 2.c4 e6 3.Nf3 d5 4.Nc3 Be7 5.Bf4 O-O 6.e3 c5 7.dxc5 Bxc5 8.cxd5 Nxd5
9.Nxd5 exd5 10.a3 Nc6 11.Bd3 Bd6 12.Bxd6 Qxd6 13.O-O Qf6 14.b4 Bg4 15.h3 Bxf3
16.Qxf3 Qxf3 17.gxf3 Ne5 18.Be2 g5 19.Rfd1 Rfd8 20.Rac1 Rd7 21.Kg2 Rad8 22.Bb5 Rd6
23.Rc7 a6 24.Be2 b5 25.Rc5 f6 26.h4 h6 27.hxg5 hxg5 28.f4 gxf4 29.exf4 Ng6
30.Rg1 Kf8 31.Kf3 Ne7 32.Bd3 Rc6 33.a4  1/2-1/2

[Event "14th CRO-Cup"]
[Site "Sibenik CRO"]
[Date "2005.06.03"]
[Round "7"]
[White "Jankovic,A"]
[Black "Hulak,K"]
[Result "1/2-1/2"]
[WhiteElo "2480"]
[BlackElo "2534"]

1.d4 Nf6 2.c4 e6 3.Nf3 d5 4.Nc3 Be7 5.Bf4 O-O 6.e3 c5 7.dxc5 Bxc5 8.Qc2 Nc6
9.a3 Qa5 10.Nd2 Be7 11.Bg3 Re8 12.Rd1 a6 13.Be2 Bd7 14.O-O Rac8 15.Bf3 Na7
16.Qb3 Bc6 17.Qa2 dxc4 18.Nxc4 Qg5 19.Bxc6 Nxc6 20.Bd6 h6 21.Rd2 b5 22.Bxe7 Rxe7
23.Nd6 Rcc7 24.Qb1 Qh4 25.Rfd1 g6 26.h3 b4 27.axb4 Qxb4 28.Nde4 Nxe4 29.Nxe4 Kg7
30.Nd6 Na5 31.Rd4 Qb6 32.b4 e5 33.Rd5 Nc4 34.Nxc4 Rxc4  1/2-1/2

[Event "TCh-BIH Prem"]
[Site "Neum BIH"]
[Date "2005.06.05"]
[Round "2"]
[White "Jankovic,A"]
[Black "Savanovic,A"]
[Result "1/2-1/2"]
[WhiteElo "2480"]
[BlackElo "2413"]

1.d4 d5 2.c4 e6 3.Nf3 Nf6 4.Nc3 Be7 5.Bf4 O-O 6.e3 c5 7.dxc5 Nc6 8.a3 Ne4
9.Qc2 Qa5 10.Nd4 Nxc3 11.Qxc3 Qxc3+ 12.bxc3 Bxc5 13.cxd5 exd5 14.Nxc6 bxc6
15.Bd3 Rd8 16.Kd2 h6 17.a4 Kf8 18.Rhb1 Ke7 19.Be5 Bd6 20.Bxd6+ Kxd6 21.a5 Kc7
22.Kc2 Be6 23.f4  1/2-1/2

[Event "TCh-BIH Prem"]
[Site "Neum BIH"]
[Date "2005.06.06"]
[Round "3"]
[White "Ruck,R"]
[Black "Benkovic,P"]
[Result "1/2-1/2"]
[WhiteElo "2551"]
[BlackElo "2418"]

1.c4 e6 2.Nf3 d5 3.d4 Nf6 4.Nc3 Be7 5.Bf4 O-O 6.e3 Nbd7 7.c5 c6 8.h3 b6 9.b4 a5
10.a3 Ba6 11.Bxa6 Rxa6 12.O-O Qc8 13.Qc2 Qb7 14.Rab1 axb4 15.axb4 b5 16.Nd2 Rfa8
17.f3 Ra3 18.Nb3 Bd8 19.e4 R3a6 20.g4 Ne8 21.Bg3 Nf8 22.Rfe1 Qd7 23.e5 Bc7
24.f4 f5 25.Re2 Qf7 26.Rg2 Bd8 27.Nd1 Qg6 28.Ne3 fxg4 29.Qxg6 hxg6 30.hxg4 Ra3
31.Rgb2 R8a4 32.Be1 Ra7 33.Kh2 Rf7 34.Kg3 Bc7 35.g5 Bd8 36.Rh2 Rfa7 37.Rbb2 Nc7
38.Kf3 Na6 39.Nc2 Ra4 40.Ke3 Nb8 41.Kd3 Ra2 42.Kc3 Rxb2 43.Kxb2 Nfd7 44.Bd2 Ra8
45.Ne1 Ra7 46.Ng2 Nf8 47.Bc3 Rf7 48.Nd2 Ra7 49.Rh1 Ra8 50.Nf3 Ra7 51.Kb3 Ra8
52.Rh2  1/2-1/2

[Event "TCh-BIH Prem"]
[Site "Neum BIH"]
[Date "2005.06.07"]
[Round "4"]
[White "Rezan,S"]
[Black "Savanovic,A"]
[Result "1/2-1/2"]
[WhiteElo "2424"]
[BlackElo "2413"]

1.Nf3 d5 2.d4 Nf6 3.c4 e6 4.Nc3 Be7 5.Bf4 O-O 6.e3 c5 7.dxc5 Nc6 8.cxd5 exd5
9.Be2 Bxc5 10.O-O Be6 11.Rc1 Rc8 12.Nb5 Ne4 13.Nfd4 Qb6 14.Bf3 Nxd4 15.Nxd4 Bxd4
16.Qxd4 Qxd4 17.exd4 f6 18.Rxc8 Rxc8 19.Rc1 Rxc1+ 20.Bxc1 Kf7 21.Bd1 Nd6
22.Bd2 Bf5 23.f3 Bb1 24.a4 Nf5 25.Bc3 Ne3 26.Bb3 Bd3 27.Kf2 Bc4 28.Kxe3 Bxb3
29.a5 Ke6 30.Bb4  1/2-1/2

[Event "TCh-IRI"]
[Site "Tehran IRI"]
[Date "2005.06.09"]
[Round "3"]
[White "Mohandesi,S"]
[Black "Toomanian,H"]
[Result "1/2-1/2"]
[WhiteElo "2328"]
[BlackElo "2245"]

1.d4 d5 2.c4 e6 3.Nf3 Nf6 4.Nc3 Be7 5.Bf4 O-O 6.e3 c5 7.dxc5 Bxc5 8.Qc2 Nc6
9.a3 Qa5 10.Nd2 Be7 11.Be2 e5 12.Bg5 d4 13.Nb3 Qb6 14.exd4 exd4 15.Bxf6 Bxf6
16.Nd5 Qd8 17.O-O Be6 18.Bd3 Bxd5 19.Bxh7+ Kh8 20.cxd5 Qxd5 21.Be4 Qd6 22.Qd3 g6
23.Rac1 Kg7 24.Nc5 Rh8 25.f4 Nd8 26.g3 Rc8 27.Nb3 Rxc1 28.Rxc1 Re8 29.Rc2 b6
30.Nd2 Qe7 31.Kg2 Nb7  1/2-1/2

[Event "TCh-IRI"]
[Site "Tehran IRI"]
[Date "2005.06.09"]
[Round "3"]
[White "Moradiabadi,E"]
[Black "Ghane,S"]
[Result "1-0"]
[WhiteElo "2502"]
[BlackElo "2375"]

1.c4 e6 2.d4 d5 3.Nc3 Be7 4.Nf3 Nf6 5.Bf4 O-O 6.e3 Nbd7 7.c5 Nh5 8.Bd3 Nxf4
9.exf4 c6 10.Qc2 h6 11.O-O b6 12.b4 bxc5 13.bxc5 Qa5 14.Rae1 Bd8 15.Re3 Ba6
16.Ne2 Rb8 17.Nc1 Bc7 18.g3 Rb4 19.Bxa6 Qxa6 20.Rb3 Rfb8 21.Nd3 Ra4 22.Qb1 Rxb3
23.axb3 Ra3 24.Qc2 Nf6 25.Nde1 Ba5 26.Ne5 Ne4 27.f3 Nc3 28.f5 exf5 29.Qxf5 Qb7
30.Kg2 Nb5 31.Qd3 Bc3 32.Nc2 Ra2 33.Rf2 Be1 34.Rf1 Bb4 35.Rf2 f6 36.Ng6 Be1
37.Rf1 Bb4 38.Kh1 Qd7 39.Nf4 Qe8 40.Ra1 Rb2 41.Ne3 Bd2 42.Neg2 Bxf4 43.Nxf4 g5
44.Ng2 Re2 45.Rf1 Kg7 46.Kg1 Re7 47.Kf2 Qh5 48.h4 Qg6 49.Qd2 Qf5 50.g4 Qd7
51.Ne3 Re6 52.Nf5+ Kh7 53.Rh1 Qd8 54.Qd3 Qa5 55.hxg5 fxg5 56.Nxh6+ Kg7 57.Nf5+ Kg8
58.Ne3 Qc7 59.Rh5 Qg7 60.Nf5 Qc7 61.Rxg5+ Kf8 62.Rh5 Qf4 63.Rh8+ Kf7 64.Nd6+ Nxd6
65.Qh7+  1-0

[Event "Open"]
[Site "Mielo POL"]
[Date "2005.06.10"]
[Round "1"]
[White "Shishkin,Va UKR"]
[Black "Motyka,M"]
[Result "1-0"]
[WhiteElo "2519"]
[BlackElo "2229"]

1.d4 d5 2.c4 e6 3.Nc3 Nf6 4.Nf3 Be7 5.Bf4 O-O 6.e3 Nbd7 7.h3 c6 8.a3 a5 9.cxd5 Nxd5
10.Bh2 Nxc3 11.bxc3 b5 12.Bd3 a4 13.O-O Qa5 14.Qc2 h6 15.Nd2 c5 16.Rfb1 Ba6
17.Ne4 Rfc8 18.Qb2 c4 19.Bc2 Rc6 20.Re1 Rd8 21.Rad1 Nb6 22.Nd2 Nd5 23.Nb1 Rcc8
24.e4 Nf6 25.Qc1 Bb7 26.Bf4 Bf8 27.g4 Qa8 28.Qe3 Ne8 29.Bg3 Nc7 30.Kh2 Re8
31.Rg1 Bc6 32.Rde1 Qb7 33.g5 g6 34.gxh6 Kh7 35.Bf4 e5 36.Bxe5 Rxe5 37.dxe5 Ne6
38.Rg4 Qe7 39.f4 Bxh6 40.Qg3 Ng7 41.Qh4 Qc7 42.Nd2 Rh8 43.Nf3 Kg8 44.Qf2 Bd7
45.f5 Kf8 46.Kg1 gxf5 47.exf5 Nxf5 48.Ng5 Bxg5 49.Bxf5 Be7 50.Bxd7 Qxd7 51.e6 Qe8
52.exf7 Qd7 53.Ree4 Qd1+ 54.Kg2 Qd5 55.Qf3 Qd2+ 56.Re2 Qd8 57.Rge4 Rh7 58.Rxe7 Rg7+
59.Kh2 Qd6+ 60.R7e5 Rxf7 61.Qa8+  1-0

[Event "St Petersburg vs Moscow"]
[Site "St Petersburg RUS"]
[Date "2005.06.14"]
[Round "1"]
[White "Khalifman,A"]
[Black "Zvjaginsev,V"]
[Result "1/2-1/2"]
[WhiteElo "2658"]
[BlackElo "2649"]

1.d4 d5 2.c4 e6 3.Nf3 Nf6 4.Nc3 Be7 5.Bf4 O-O 6.e3 Nbd7 7.Be2 dxc4 8.Bxc4 c5
9.dxc5 Nxc5 10.O-O a6 11.a4  1/2-1/2

[Event "Open"]
[Site "Mielo POL"]
[Date "2005.06.17"]
[Round "8"]
[White "Hnydiuk,A"]
[Black "Motyka,M"]
[Result "0-1"]
[WhiteElo "2304"]
[BlackElo "2229"]

1.d4 d5 2.Nf3 e6 3.c4 Nf6 4.Nc3 Be7 5.Bf4 O-O 6.e3 Nbd7 7.a3 c5 8.cxd5 Nxd5
9.Nxd5 exd5 10.dxc5 Nxc5 11.Be5 Bg4 12.Be2 Qb6 13.b4 Nd7 14.Bd4 Qh6 15.O-O Bd6
16.g3 Qh5 17.Re1 a5 18.b5 a4 19.Nh4 Bxe2 20.Qxe2 Qxe2 21.Rxe2 Rfc8 22.Kf1 g6
23.Nf3 Nc5 24.Rc1 Nb3 25.Rxc8+ Rxc8 26.Bb2 f5 27.Nd4 Nxd4 28.exd4 Kf7 29.Rd2 Ra8
30.Rc2 Ke6 31.Bc1 Ra5 32.Rb2 Kd7 33.Rb1 Kc7 34.Bd2 Ra8 35.b6+ Kd7 36.Bb4 Rc8
37.Bxd6 Kxd6 38.Rb4 Rc4 39.Rb5 Rc3 40.Ke2 Rxa3 41.Ra5 Ra2+ 42.Ke3 a3 43.h4 Ra1
44.Kf4 Kc6 45.Kg5 Kxb6 46.Ra8 Kc7 47.Ra7 Kc6 48.Kh6 b5 49.Ra6+ Kb7 50.Ra5 Kb6
51.Ra8 Rc1 52.Rb8+ Kc7 53.Ra8 Kb6 54.Rb8+ Ka5 55.Ra8+ Kb4 56.Kxh7 Rc6 57.f3 Kb3
58.g4 fxg4 59.fxg4 a2  0-1

[Event "6th EICC"]
[Site "Warsaw POL"]
[Date "2005.06.21"]
[Round "4"]
[White "Mchedlishvili,M"]
[Black "Leniart,A"]
[Result "1-0"]
[WhiteElo "2518"]
[BlackElo "2279"]

1.d4 d5 2.c4 e6 3.Nc3 Be7 4.Nf3 Nf6 5.Bf4 O-O 6.e3 c5 7.dxc5 Bxc5 8.Qc2 Nc6
9.Rd1 Qa5 10.Be2 Ne4 11.cxd5 exd5 12.Rxd5 Nxc3 13.bxc3 Nb4 14.cxb4 Bxb4+
15.Rd2 Bg4 16.Bc7 b6 17.Nd4 Bxe2 18.Kxe2 Bxd2 19.Qxd2 Qa6+ 20.Qd3 Qxa2+ 21.Kf3 Qd5+
22.Qe4 Qc5 23.Bf4 Rfe8 24.Qb7 Qh5+ 25.g4 Qh3+ 26.Bg3 h5 27.gxh5 Qxh5+ 28.Kg2 Qg6
29.Ra1 a5 30.Qd7 Rec8 31.Nf5 Kh7 32.Ra4 Qe6 33.Rh4+ Kg6 34.Ne7+ Kf6 35.Rf4+ Ke5
36.Qd4+  1-0

[Event "White Nights"]
[Site "St Petersburg RUS"]
[Date "2005.06.22"]
[Round "5"]
[White "Shimanov,A"]
[Black "Shchukin,D"]
[Result "1/2-1/2"]
[WhiteElo "2259"]
[BlackElo "2347"]

1.d4 d5 2.c4 e6 3.Nc3 Be7 4.Nf3 Nf6 5.Bf4 O-O 6.e3 c5 7.dxc5 Bxc5 8.cxd5 Nxd5
9.Nxd5 exd5 10.Bd3 Bb4+ 11.Nd2 Nc6 12.O-O Bd6 13.Bxd6 Qxd6 14.Nf3 Qf6 15.Nd4 Nxd4
16.exd4 g6 17.Bc2 Re8 18.Bb3 Re4 19.Bxd5 Rxd4 20.Qb3 Rd2 21.Rae1 Bf5 22.Qxb7 Rd8
23.Bc4 R8d7 24.Re8+ Kg7 25.Qb4 Qd6 26.Qxd6 R7xd6 27.Re7 Rf6 28.Rxa7 Rxb2
29.Re7 Rc2 30.Bb3 Rb2 31.f3 Kf8 32.Ree1 Be6 33.Rf2 Rxb3 34.axb3 Bxb3 35.Rb2 Be6
36.Rb4 h5 37.h4 Rf5 38.Rf1 Kg7 39.Rfb1 Rc5 40.Rb8 Rc4 41.R1b4 Rc1+ 42.Kh2 Rc2
43.Rd8 Kf6 44.Rg8 Ke5 45.Re4+ Kf5 46.Kg3 Kf6 47.Rd8 Ke7 48.Rd1 Kf6 49.Rde1 Rc5
50.Kf2 Rf5 51.Ke3 Ra5 52.Rd1 Ra3+ 53.Kf2 Ra2+ 54.Kg1 Ra3 55.Rf1 Bd5 56.Rd4 Ke5
57.Rb4 Be6 58.Rf2 Rc3 59.Kh2 Kf6 60.g4 hxg4 61.fxg4+ Kg7 62.Rg2 Bd5 63.Rd2 Be6
64.Kg1 Rg3+ 65.Rg2 Rh3 66.h5 gxh5 67.gxh5+ Kh7 68.Rb5 Rh4 69.Rbg5 Kh6 70.Rg8 Kh7
71.h6 Rh3 72.Kf2 Ra3  1/2-1/2

[Event "6th EICC"]
[Site "Warsaw POL"]
[Date "2005.06.22"]
[Round "5"]
[White "Williams,Si"]
[Black "Lanzani,M"]
[Result "1/2-1/2"]
[WhiteElo "2466"]
[BlackElo "2356"]

1.d4 d5 2.c4 e6 3.Nc3 Be7 4.Nf3 Nf6 5.Bf4 O-O 6.e3 c5 7.dxc5 Bxc5 8.cxd5 Nxd5
9.Nxd5 exd5 10.a3 Nc6 11.Bd3 Bd6 12.Qa4 Bxf4 13.Qxf4 d4 14.O-O dxe3 15.Rad1 Qf6
16.fxe3 Qxf4 17.exf4 Bg4 18.Bc4 Bxf3 19.Rxf3 Rfd8 20.Bd5 Kf8 21.Rfd3 Rac8
22.b4 b6 23.Kf2 a5 24.b5 Nb8 25.Kf3 Ke7 26.g4 Rd6 27.g5 Nd7 28.Bc6 Rxd3+
29.Rxd3 Nc5 30.Re3+ Kd6 31.h4 Rf8 32.f5 f6 33.Kg4 Rf7 34.g6 hxg6 35.fxg6 f5+
36.Kg5 Rf8 37.h5 f4 38.Re1 f3 39.h6 Ne6+ 40.Rxe6+ Kxe6 41.hxg7 Rg8 42.Bxf3 Rxg7
43.Bd1 Ke7 44.Bb3 Kf8 45.Kf6 a4 46.Bxa4 Rf7+ 47.Ke6 Ra7 48.Bc2 Rxa3 49.Kd6 Rc3  1/2-1/2

[Event "6th ch-EURw"]
[Site "Chisinau MDA"]
[Date "2005.06.23"]
[Round "12"]
[White "Peng Zhaoqin"]
[Black "Mkrtchian,L"]
[Result "1/2-1/2"]
[WhiteElo "2392"]
[BlackElo "2400"]

1.d4 d5 2.c4 e6 3.Nc3 Be7 4.Nf3 Nf6 5.Bf4 O-O 6.e3 Nbd7 7.c5 c6 8.h3 b6 9.b4 a5
10.a3 Ba6 11.Bxa6 Rxa6 12.O-O Qa8 13.Rb1 axb4 14.axb4 Qb7 15.Qc2 Rfa8 16.Rfc1 b5
17.Nd2 Bd8 18.Nb3 Bc7 19.Bxc7 Qxc7 20.f4 h6 21.Rf1 R8a7 22.Na5 Ra8 23.g4 Ne4
24.Nd1 Rxa5 25.bxa5 Qxa5 26.Nb2 Ndf6 27.Kg2 Qa2 28.Rfc1 Ra3 29.Ra1 Qxa1 30.Rxa1 Rxa1
31.Nd3 Ra3 32.Nb4 Rxe3 33.Qa2 Nc3 34.Qa8+ Kh7 35.Nxc6 Nfe4 36.Ne7 Re2+ 37.Kg1 Re1+
38.Kg2 Re2+  1/2-1/2

[Event "Torch Real Estate Cup"]
[Site "Xiapu CHN"]
[Date "2005.06.25"]
[Round "18"]
[White "Lin Ta"]
[Black "Ji Dan"]
[Result "1/2-1/2"]
[WhiteElo "2417"]
[BlackElo "2226"]

1.d4 d5 2.c4 e6 3.Nc3 Be7 4.Nf3 Nf6 5.Bf4 O-O 6.e3 Nbd7 7.h3 c5 8.cxd5 Nxd5
9.Nxd5 exd5 10.Be2 cxd4 11.Nxd4 Qa5+ 12.Kf1 Nc5 13.a3 Ne6 14.Be5 Rd8 15.g4  1/2-1/2

[Event "19th Open Pula"]
[Site "Pula CRO"]
[Date "2005.06.26"]
[Round "9"]
[White "Kolesar,Mil"]
[Black "Brunello,S"]
[Result "1/2-1/2"]
[WhiteElo "2233"]
[BlackElo "2327"]

1.Nf3 Nf6 2.c4 e6 3.Nc3 d5 4.d4 Be7 5.Bf4 O-O 6.e3 c5 7.cxd5 exd5 8.dxc5 Bxc5
9.Be2 Nc6 10.O-O a6 11.Rc1 Ba7 12.Qb3 Qe7 13.Nxd5 Nxd5 14.Qxd5 Be6 15.Qh5 Bxa2
16.Bxa6 Bb8 17.Bd3 g6 18.Qh6 Bd5 19.e4 Bxf4 20.Qxf4 Nb4 21.Rc7 Qd8 22.Be2 Bc6
23.Bc4 Nd3 24.Bxf7+ Kh8 25.Qg3 Ra5 26.h4 Bxe4 27.Ng5 Re5 28.Rc4 Bf5 29.Rc3 Re7
30.Ne6 Qd5 31.Nf4 Qxf7 32.Nxd3 Qf6 33.Nf4 Be4 34.Nh3 Bc6 35.Rfc1 Re2 36.b4 Qe5
37.Qxe5+ Rxe5 38.f3 Rd8 39.Kh2 Kg7 40.Kg3 Rd2 41.R1c2 Rd1 42.Nf4 Rb1 43.Rc4 Rd1
44.Rc5 Kf6 45.Rxe5 Kxe5 46.Rc5+ Kd6 47.h5 Rd4 48.hxg6 hxg6 49.Rg5 Be8 50.b5 Rb4
51.Nxg6 Rxb5 52.Rg4 Bd7 53.Rd4+ Rd5 54.Rxd5+ Kxd5 55.Kf4 Kd4 56.Ne5 Be8 57.g4 b5
58.g5 b4 59.g6 Bxg6 60.Nc6+ Kc3 61.Nxb4  1/2-1/2

[Event "6th Kurass Memorial"]
[Site "Kiev UKR"]
[Date "2005.06.27"]
[Round "7"]
[White "Golichenko,I"]
[Black "Galinsky,T"]
[Result "1/2-1/2"]
[WhiteElo "2283"]
[BlackElo "2427"]

1.d4 d5 2.c4 e6 3.Nc3 Nf6 4.Nf3 Be7 5.Bf4 O-O 6.e3 c5 7.dxc5 dxc4 8.Bxc4 Bxc5
9.O-O a6 10.Qxd8 Rxd8 11.Rfd1 Re8 12.Ne5 Nh5 13.Ne4 Nxf4 14.Nxc5 Ng6 15.Nxg6 hxg6
16.Be2 b6 17.Bf3 Ra7 18.Ne4 Bb7 19.Nd6 Bxf3 20.gxf3 Rd8 21.Nc4 Rxd1+ 22.Rxd1 Rd7
23.Rxd7 Nxd7 24.Kf1 Kf8 25.Ke2 b5 26.Nd2 Ke7 27.Kd3 Kd6 28.b4 Ne5+ 29.Kd4 Nc6+
30.Kc3 Kd5 31.h3 g5 32.Ne4 f6 33.Nc5 Nb8 34.a3 Ke5 35.Kd3 Kd5 36.Kc3 Ke5  1/2-1/2

[Event "6th EICC"]
[Site "Warsaw POL"]
[Date "2005.06.27"]
[Round "9"]
[White "Dziuba,M"]
[Black "Leniart,A"]
[Result "1-0"]
[WhiteElo "2429"]
[BlackElo "2279"]

1.d4 d5 2.c4 e6 3.Nc3 Be7 4.Nf3 Nf6 5.Bf4 O-O 6.e3 c5 7.dxc5 Bxc5 8.cxd5 Nxd5
9.Nxd5 exd5 10.a3 Nc6 11.Bd3 Bb6 12.O-O d4 13.e4 Bg4 14.h3 Bh5 15.Re1 f6
16.g4 Bf7 17.Rc1 Qe7 18.Nd2 Ne5 19.Qe2 Rac8 20.Bg3 Rfd8 21.Kg2 Rc5 22.Nf3 Rdc8
23.Rxc5 Qxc5 24.Nxe5 fxe5 25.f4 exf4 26.Bxf4 Bc7 27.Rc1 Bxf4 28.Rxc5 Rxc5
29.Qf2 Be3 30.Qg3 g5 31.Qb8+ Kg7 32.Qxb7 a5 33.e5 Rxe5 34.Bc4  1-0

[Event "6th EICC"]
[Site "Warsaw POL"]
[Date "2005.06.30"]
[Round "12"]
[White "Lputian,S"]
[Black "Baramidze,D"]
[Result "0-1"]
[WhiteElo "2640"]
[BlackElo "2542"]

1.d4 d5 2.c4 e6 3.Nc3 Be7 4.Nf3 Nf6 5.Bf4 O-O 6.e3 c5 7.dxc5 Bxc5 8.a3 Nc6
9.Qc2 Qa5 10.Nd2 Be7 11.Bg3 Bd7 12.Be2 Rfc8 13.O-O Qd8 14.Qd3 Be8 15.Rfd1 d4
16.Nb5 dxe3 17.Qxe3 Qb6 18.Nc7 Bc5 19.Nxa8 Rxa8 20.Qd3 Rd8 21.Qb1 a5 22.b3 Nd4
23.Bd3 Bc6 24.Kf1 h6 25.Qb2 Nf5 26.Bxf5 Bd4 27.Qc2 Bxa1 28.Bxe6 fxe6 29.Rxa1 Qd4
30.Ra2 Ne4 31.Nf3 Qd1+ 32.Qxd1 Rxd1+ 33.Ne1 Nxg3+ 34.hxg3 Rb1 35.b4 axb4
36.axb4 Rxb4 37.Rc2 Rxc4 38.f3 Kf7 39.Ke2 Rxc2+ 40.Nxc2 e5 41.g4 Ke6 42.Ne3 g6
43.g3 b5 44.Nc2 Kd5 45.Ne3+ Kd4 46.f4 b4 47.f5 Be8 48.Kd2 b3 49.f6 Bf7 50.g5 hxg5
51.Ng4 e4  0-1

[Event "6th EICC"]
[Site "Warsaw POL"]
[Date "2005.07.01"]
[Round "13"]
[White "Kuljasevic,D"]
[Black "Lanzani,M"]
[Result "1/2-1/2"]
[WhiteElo "2408"]
[BlackElo "2356"]

1.d4 d5 2.c4 e6 3.Nf3 Nf6 4.Nc3 Be7 5.Bf4 O-O 6.e3 c5 7.dxc5 Bxc5 8.Qc2 Nc6
9.Rd1 Re8 10.Bg5 Qa5 11.Bxf6 gxf6 12.a3 dxc4 13.Bxc4 Be7 14.O-O Rd8 15.Bd3 h6
16.Be4 Bd7 17.Nd4 Rac8 18.Bxc6  1/2-1/2

[Event "Pivdenny Bank Geller Mem"]
[Site "Odessa UKR"]
[Date "2005.07.02"]
[Round "6"]
[White "Korchnoi,V"]
[Black "Legky,N"]
[Result "1-0"]
[WhiteElo "2619"]
[BlackElo "2455"]

1.c4 e6 2.d4 d5 3.Nc3 Nf6 4.Nf3 Be7 5.Bf4 O-O 6.e3 b6 7.cxd5 Nxd5 8.Nxd5 exd5
9.Bd3 Be6 10.Qc2 c5 11.Bxh7+ Kh8 12.Bf5 Nd7 13.Bxe6 fxe6 14.Qg6 cxd4 15.Nxd4 Bb4+
16.Kf1 Qf6 17.Qxf6 Rxf6 18.Bg5 Rg6 19.h4 e5 20.Nc2 Bf8 21.Ke2 Rc8 22.Rhc1 Rgc6
23.Kd1 Kh7 24.Ne1 e4 25.Rxc6 Rxc6 26.Ke2 Bb4 27.Rd1 Bxe1 28.Kxe1 Rc2 29.Rd2 Rc1+
30.Ke2 Ne5 31.Rxd5 Nd3 32.Kd2 Rb1 33.Kc3 Rc1+ 34.Kd4 Nxf2 35.Ke5 Rc2 36.Rb5 Nd3+
37.Kxe4 Nxb2 38.g4 Na4 39.Re5 Nc5+ 40.Kf3 Rxa2 41.Re7 Kg8 42.Bf4 Nd3 43.Bd6 Rd2
44.Bg3 a5 45.Ra7 Ra2 46.h5 a4 47.g5 Ra1 48.g6  1-0

[Event "Australian Masters"]
[Site "Melbourne AUS"]
[Date "2005.07.05"]
[Round "6"]
[White "Lee Wang Sheng"]
[Black "Froehlich,P"]
[Result "0-1"]
[WhiteElo "2278"]
[BlackElo "2367"]

1.d4 Nf6 2.c4 e6 3.Nf3 d5 4.Nc3 Be7 5.Bf4 O-O 6.e3 c5 7.dxc5 Bxc5 8.cxd5 Nxd5
9.Nxd5 exd5 10.a3 Nc6 11.Bd3 Bb6 12.O-O Qe7 13.Bb5 Be6 14.Qa4 Bd7 15.Qb3 Be6
16.Qa4 Bd7 17.Qd1 Be6 18.Ng5 Rac8 19.Bd3 g6 20.h4 d4 21.Qf3 dxe3 22.fxe3 Rfd8
23.Be4 Bc4 24.h5 f5 25.Bb1 Ne5 26.Qg3 Nd3 27.Bxd3 Rxd3 28.Rfe1 Re8 29.Rac1 Bd5
30.h6 Rd2 31.Nf3 Rxb2 32.Rcd1 Qe4 33.Rd2 Rxd2 34.Nxd2 Qd3 35.Nf3 Rc8 36.Ne5 Qc3
37.Nxg6 hxg6 38.Qxg6+ Kh8 39.Bg5 Rf8 40.Kh2 Bc7+ 41.Kh3 Be5 42.Rd1 Bxg2+
43.Kh4 Qc4+ 44.Bf4 Bf6+ 45.Kg3 Qg8  0-1

[Event "57th ch-Montenegro"]
[Site "Cetinje SCG"]
[Date "2005.07.08"]
[Round "1"]
[White "Savic,Miom"]
[Black "Scekic,V"]
[Result "1-0"]
[WhiteElo "2266"]
[BlackElo "2049"]

1.d4 d5 2.c4 e6 3.Nc3 Nf6 4.Nf3 Be7 5.Bf4 c6 6.e3 Nbd7 7.Bd3 dxc4 8.Bxc4 b5
9.Be2 b4 10.Na4 O-O 11.O-O Bb7 12.h3 Qa5 13.Nd2 Nb6 14.Nc5 Bxc5 15.Nb3 Qa4
16.Nxc5 Qxd1 17.Rfxd1 Bc8 18.Bd6 Rd8 19.Be7 Re8 20.Bxf6 gxf6 21.Rac1 a5 22.Bf3 Nd5
23.e4 Ne7 24.e5 f5 25.Na4 Ra7 26.Rc5 Rd8 27.Nb6 Bd7 28.g3 Be8 29.Nc4 a4 30.Nd6 Bd7
31.Kf1 Kf8 32.Ke2 a3 33.b3 Nd5 34.Bxd5 cxd5 35.Rdc1 h6 36.Kd2 Ke7 37.Rc7 Rxc7
38.Rxc7 Rb8 39.Nxf7 Kxf7 40.Rxd7+ Kg6 41.Re7 Rb6 42.Rc7 h5 43.Ke3 Rb8 44.Kf4 Rb6
45.f3 Kh6 46.g4 fxg4 47.hxg4 hxg4 48.Kxg4 Kg6 49.f4 Rb8 50.Re7 Rb6 51.Rxe6+  1-0

[Event "Open"]
[Site "Barbera del Valles ESP"]
[Date "2005.07.10"]
[Round "7"]
[White "Mirzoev,A"]
[Black "Panelo,M"]
[Result "1-0"]
[WhiteElo "2550"]
[BlackElo "2404"]

1.d4 Nf6 2.c4 e6 3.Nf3 d5 4.Nc3 Be7 5.Bf4 O-O 6.e3 Nbd7 7.Qc2 dxc4 8.Bxc4 a6
9.O-O-O c5 10.dxc5 Qa5 11.c6 Nb6 12.Bd3 bxc6 13.Nd4 Nbd5 14.Nxc6 Qb6 15.Nxd5 Nxd5
16.Bxh7+ Kh8 17.Rxd5 exd5 18.Nxe7 Be6 19.Kb1 Rfe8 20.Bc7 Qb7 21.Bd6 Qd7 22.Bc5 Rxe7
23.Bxe7 Rc8 24.Bc5 g6 25.Bxg6 fxg6 26.Qc3+ Kh7 27.Rc1 Bf5+ 28.Ka1 Qb5 29.b3 Qe2
30.Qb2 Qg4 31.f3 Qh4 32.g4 Be6 33.Qe5 Bf7 34.Kb2 Re8 35.Qf4 Kg8 36.Bd4 a5
37.Rc7  1-0

[Event "16th Open"]
[Site "Ljubljana SLO"]
[Date "2005.07.10"]
[Round "2"]
[White "Bratovic,B"]
[Black "Bosiocic,Mark"]
[Result "1-0"]
[WhiteElo "2350"]
[BlackElo "2121"]

1.d4 d5 2.c4 e6 3.Nf3 Be7 4.Nc3 Nf6 5.Bf4 c6 6.e3 Nbd7 7.a3 Nh5 8.Bg3 Nxg3
9.hxg3 dxc4 10.Bxc4 c5 11.Qc2 cxd4 12.Nxd4 g6 13.O-O-O Qb6 14.Rh6 Bf8 15.Rh2 Bg7
16.Na4 Qa5 17.Bxe6 fxe6 18.Nxe6 Be5 19.f4 Ke7 20.Ng5 Bf6 21.Qe4+ Ne5 22.Nc3 Bxg5
23.Rd5 Qxd5 24.Nxd5+ Kf7 25.Qxe5 Bf5 26.fxg5  1-0